|
|
|
|
| LEADER |
00000nab a2200000 a 4500 |
| 001 |
vtls000488492 |
| 003 |
SK-MaSNL |
| 005 |
20260304083031.0 |
| 008 |
250424c1993 xo 0 slo |
| 015 |
|
|
|a SNBRB19rr/mm-uuuuu
|
| 035 |
|
|
|a CL0488630
|
| 035 |
|
|
|a urn:nbn:sk:snk-ab1jhe
|
| 035 |
|
|
|a (urnnbn)urn:nbn:sk:snk:ar-0045v8
|
| 035 |
|
|
|a (uuid)fcfb8c9d-6f30-4d73-9e53-3304b9dbdb60
|
| 040 |
|
|
|a SNKBUCL
|b slo
|c SNKBUCL
|e AACR2
|
| 041 |
0 |
|
|a slo
|
| 044 |
|
|
|a xo
|c SK
|
| 080 |
|
|
|a 393.3
|2 1981
|
| 100 |
1 |
|
|a Heger, Jozef,
|d 1926-2012
|4 aut
|9 224731
|
| 245 |
1 |
0 |
|a Tváre zo záhrobia
|b Múmie vďaka prírode a ľudskému umu
|c Jozef Heger
|
| 300 |
|
|
|b Fotogr. 2
|
| 650 |
0 |
7 |
|a múmie
|2 snkbucl
|9 58874
|
| 650 |
0 |
7 |
|a mumifikácia
|2 snkbucl
|9 76083
|
| 655 |
|
7 |
|a články z novín a časopisov
|2 snkbucl
|9 267496
|
| 773 |
0 |
|
|t Historická revue
|g Roč. 4, č. 7 (1993), s. 7-9
|
| 850 |
|
|
|a Slovenská národná knižnica
|
| 852 |
|
|
|a Slovenská národná knižnica
|
| 954 |
|
|
|a odborná, vedecká literatúra pôvodná (slovenská)
|2 lita
|
| 958 |
|
|
|a article27
|
| 958 |
|
|
|a RK
|
| 958 |
|
|
|a OND
|
| 958 |
|
|
|a EUIPO
|
| 992 |
|
|
|a RBX
|
| 999 |
|
|
|c 2799277
|d 2801207
|